banner-ar

الدولة والقبيلة في الصومال من الاستقلال الى الحرب الاهلية (1960-1991) / (Record no. 62412)

MARC details
000 -الفاتح
حقل البيانات ثابتة الطول 01084nam a2200241 4500
005 - وقت وتاريخ اخر تعامل مع التسجيلة
رقم الضبط 20240530110549.0
008 - عناصر البيانات ثابتة الطول - معلومات عامة
حقل البيانات ثابتة الطول 160618s2013 ua a|||g b||| 00| 0 ara d
017 ## - رقم الايداع القانونى
رقم الايداع القانونى 2013/9038
المصدر ( الهيئة المختصة) مصر. دار الكتب
020 ## - الرقم الدولى المعيارى للكتب
الرقم الدولى المعيارى للكتاب 9789771028727
040 ## - مصدر الفهرسة
وكالة الفهرسة الأصلية EG-CaGPL
082 04 - رقم تصنيف ديوى العشرى
رقم التصنيف 967.7305/
رقم المادة ع د
رقم الطبعة 21
100 0# - المدخل الرئيسى - إسم شخصى
الإسم الشخصى عبدالقادر عبدالله عبار
245 12 - بيان العنوان
العنوان الدولة والقبيلة في الصومال من الاستقلال الى الحرب الاهلية (1960-1991) /
بيان المسئوليه,etc تأليف عبدالقادر عبدالله عبار، تقديم السيد فليفل.
250 ## - بيان الطبعة
بيان الطبعة ط. 1.
260 ## - PUBLICATION, DISTRIBUTION, ETC. (IMPRINT)
تاريخ النشر أو التوزيع 2013.
300 ## - الوصف المادى
التعداد 327 ص. :
تفاصيل ماديه اخرى للوعاء ايض ؛
أبعاد الوعاء 24 سم.
490 1# - بيان السلسلة
عنوان السلسلة اوراق الشاهد ؛
رقم المجلد/ التعيين التسلسلي 4
504 ## - تبصرة ببليوجرافية
تبصرة ببليوجرافية,الخ ببليوجرافية :ص. 314-327.
651 04 - المدخل الاضافى بالموضوع - اسم جغرافى
الاسم الجغرافي الصومال
التقسيم الفرعي العام تاريخ
التقسيم الفرعي الزمني العصر الحديث
700 0# - المدخل الاضافى - اسم شخصى
الإسم الشخصى السيد فليفل
الدور مقدم.
942 ## - عناصر المدخل الإضافي( كوها)
مصدر التصنيف او مخطط الترفيف Dewey Decimal Classification
Koha [default] item type كتاب
260 ## - PUBLICATION, DISTRIBUTION, ETC. (IMPRINT)
-- القاهرة :
-- مركز الشاهد للبحوث والدراسات الاعلامية ؛ دار الفكر العربى،
Holdings
حالة التراجع حالة الفقد حالة تلف ليس للاعارة المكان المؤقت الموقع الحالى تاريخ الاكتساب اجمالي اﻻعارات رقم الطلب الباركود تاريخ اخر مشاهدة تاريخ تفعيل السعر نوع وعاء كوها
        مكتبة القاهرة الكبرى مكتبة القاهرة الكبرى 06/18/2016   967.7305/ ع د 162134 06/18/2016 06/18/2016 كتاب

Powered By

EGPV